| 000 | 00000nam 2200000za 4500 |
| 001 | 9.840463 |
| 003 | CaOODSP |
| 005 | 20240412153138 |
| 007 | cr ||||||||||| |
| 008 | 170726m20122013quc o f000 0 fre d |
| 040 | |aCaOODSP|bfre |
| 041 | |afre|geng |
| 043 | |an-cn--- |
| 086 | 1 |aP29-4-43-151-2012F-PDF |
| 245 | 00|aEmballage, manutention, demande de transport et transport d'explosifs (classe 1) |h[ressource électronique] / |cpréparée par l'Office des normes générales du Canada. |
| 260 | |aGatineau : |bOffice des normes générales du Canada, |c2012, 2013. |
| 300 | |a1 v. (pagination multiples) |
| 490 | 1 |aNorme de l'ONGC ; |vno 43.151-2012 |
| 500 | |a« Octobre 2012. » |
| 500 | |a« Expérience et excellence » -- Couv. |
| 500 | |aRemplace CAN/CGSB-43.151-97. |
| 500 | |a« Retirée. » |
| 500 | |aPubl. aussi en anglais sous le titre : Packaging, handling, offering for transport and transport of explosives (class 1). |
| 500 | |aComprend un rectificatif, no 1, Janvier 2013. |
| 520 | |a« La présente norme contient les exigences visant les contenants utilisés pour manutentionner, demander de transporter et transporter des Explosifs de classe 1; le choix et l’utilisation des contenants servant à manutentionner, demander de transporter et transporter des explosifs au Canada; les instructions d’emballage des explosifs; et l’utilisation de grands récipients pour vrac (GRV) pour le transport des explosifs » -- Introduction. |
| 546 | |aNorme en français seulement, rectificatif en anglais et en français. |
| 692 | 07|2gccst|aExplosif |
| 692 | 07|2gccst|aTransport des matières dangereuses |
| 692 | 07|2gccst|aNorme |
| 710 | 2 |aOffice des normes générales du Canada. |
| 775 | 08|tPackaging, handling, offering for transport and transport of explosives (class 1) |w(CaOODSP)9.840460 |
| 794 | |tEmballage, manutention, demande de transport et transport d'explosifs (classe 1).|bCinquième édition|w(CaOODSP)9.875872 |
| 830 | #0|aNorme de l'ONGC ;|vno 43.151-2012.|w(CaOODSP)9.840325 |
| 856 | 40|qPDF|s1.94 Mo|uhttps://publications.gc.ca/collections/collection_2017/ongc-cgsb/P29-4-43-151-2012-fra.pdf |
| 856 | 40|qPDF|s18 Ko|uhttps://publications.gc.ca/collections/collection_2017/ongc-cgsb/P29-4-43-151-2012-1.pdf |
| 986 | |aICS 55.020 |